| 000 | 004510000a22001690004500 | ||
|---|---|---|---|
| 003 | MACL | ||
| 005 | 20160113131249.0 | ||
| 008 | 160113b xxu||||| |||| 00| 0 eng d | ||
| 040 |
_aMACL _cMACL |
||
| 041 | _aEnglish | ||
| 082 | _a954/ROG | ||
| 100 |
_aRogers, Alexander _928964 |
||
| 245 | _aThe Tujuk I Jahangiri or Memoirs of Jahangir | ||
| 260 |
_bThe Royal Asiatic Society _c1914 _aLondon |
||
| 650 |
_aHistory _931750 |
||
| 942 |
_cBK _k954/ROG _2ddc |
||
| 999 |
_c36542 _d36542 |
||